Tinyas y huywas de Rapaz. Quechua y arte verbal en las alturas de Lima (Registro nro. 24153)

Detalles MARC
000 -Cabecera
Campo de control interno 00474nam a2200181Ia 4500
005 - Fecha y hora del registro
control field 20260414151024.0
008 - Elementos de Longitud Fija
fixed length control field 260414t2023||||xx |||||||||||||| ||spa||
041 ## - Idioma
Codigo Idioma ESP
082 ## - DEWEY y NOTACIÓN INTERNA
Dewey 782.4216
Notación Interna A59
100 ## - AUTOR
Autor denominación Andrade Ciudad, Luis,
Término de relación autor
245 #0 - TÍTULO DE MATERIAL BIBLIOGRÁFICO
Título Tinyas y huywas de Rapaz. Quechua y arte verbal en las alturas de Lima
Título paralelo
260 ## - CIUDAD, EDITORIAL, AÑO
Año 2023
300 ## - DESCRIPCIÓN
N° Páginas 231 páginas :
Dimensiones 24 cm.
650 ## - TEMAS
Temas Las Artes
654 ## - PROGRAMAS
Programa Dpto. Arquitectura y Urbanismo
942 ## - ELEMENTOS DE KOHA
Tipo de documento Libro
Nombre del creador Justo Noguera
Código de catalogador Justo Noguera
Esquema de clasificación Dewey Decimal Classification
Suppress in OPAC
Existencias
Codigo completo Registro Colección Copia número Disponibilidad Tipo de préstamo Biblioteca Actual Procedencia (Biblioteca) Ubicacón Fecha Ingreso Tipo de Adquisición Date last seen Total checkouts Price effective from Tipo de Item Estado del Material Damaged status Withdrawn status
782.4216 A59 1082379 Universidad Católica San Pablo 1 Disponible Disponible Víctor Andrés Belaunde Víctor Andrés Belaunde Segundo piso 14/04/2026 Donación 14/04/2026   14/04/2026 Libro Bueno